000 00511nam a22001817a 4500
005 20260318104738.0
008 260318b |||||||| |||| 00| 0 eng d
020 _a978-81-203-5100-4
050 _aQA331.B38 2016
100 _aBATHUL SHAHNAZ
245 _aSPECIAL FUCTIONS AND COMPLEX VARIABLES
_bENGINEERING MATHEMATICS 111
250 _a3rd
260 _aDELHI
_bPHI LEARNING PRIVATE LIMITED
_c2016
300 _aX,574
500 _aINCLUDES AN INDEX
650 _aCOMPLEX VARIABLES
942 _2lcc
_cBK
999 _c216838
_d216838